000 00860nac a22002171u 4500
008 100906t xxu||||| |||| 00| 0 eng d
010 _a98011901
020 _a0136597076
020 _a8178083752
082 0 0 _a005.758
_bO999
100 _aOzsu, M. Tamer,
_918324
245 1 0 _aPrinciples of distributed database systems /
_cby M. Tamer Ozsu, Patrick Valduriez.
250 _a2nd ed.
260 _aNew Delhi :
_bPrentice Hall of India,
_cc2004.
300 _axxi, 666 p. ;
_c25 cm.
504 _aIncludes bibliographical references (p. 605-657)
650 0 _aDistributed databases.
_918325
700 1 _aValduriez, Patrick.
_918326
942 _cBB
_k005.758O999
_2ddc
999 _c578
_d578